Obra poética (Registro nro. 16)

Detalles MARC
000 -Cabecera
Campo de control de longitud fija 00625aam a2200253 4500
005 - Fecha y hora de la última transacción
Campo de control 20250826111957.0
008 - Elementos de longitud fija--Información general
Campo de control de longitud fija 150311b xxu||||| |||| 00| 0 spa d
020 ## - International Standard Book Number
Número Internacional Estándar del Libro (ISBN) 9789977239019
041 ## - Idioma
Código de idioma Español
082 ## - Clasificación Decimal Dewey
Número de clasificación CR 861.6 D288o
100 ## - Entrada principal--Autor personal
Nombre personal Debravo, Jorge
9 (RLIN) 12331
245 ## - Título propiamente dicho
Título Obra poética
260 ## - Pie de imprenta
Lugar de publicación, distribución, etc. Costa Rica
260 ## - Pie de imprenta
Nombre del editor, distribuidor, etc. Editorial Costa Rica
260 ## - Pie de imprenta
Fecha de publicación, distribución, etc. 2013
300 ## - Descripción física
Extensión 576 páginas
490 ## - Serie
Título de la Serie Temática General
650 ## - Materia general
Temática (materia general) TEMÁTICA GENERAL
650 ## - Materia general
Temática (materia general) POESÍA COSTARRICENSE
650 ## - Materia general
Temática (materia general) LITERATURA COSTARRICENSE
650 ## - Materia general
Temática (materia general) COMPILACIÓN
650 ## - Materia general
Temática (materia general) COSTA RICA
942 ## - Punto de acceso adicional KOHA
Tipo de ítem KOHA Literatura
Fuente del sistema de clasificación o colocación Dewey Decimal Classification
Existencias
Signatura completa Código de barras Programa Académico Tipo de ítem
CR 861.6 D288o 16984 Temática General Literatura
CR 861.6 D288o 19196 Temática General Literatura